000 00294nam a22001217a 4500
008 160426b xxu||||| |||| 00| 0 eng d
020 _a9780721696928
020 _a0721696929
041 _aeng
080 _a618.2
245 _aNursing today:
_cJoAnn Zerwekh; Jo Carol Claborn;
942 _2udc
_cBK
999 _c1608
_d1608